000 00720nam a2200205 a 4500
001 000020805
005 20200930011153.0
008 100817s1949 sp 000 0 spa d
040 _aDO-SdBNP
_bspa
_cBPJMB
082 _a154.24
_bB796c
100 1 _aBrachfeld, Oliver.
_943608
245 1 4 _aLos complejos de inferioridad de la mujer :
_bintroducción a la psicología femenina.
260 _aBarcelona:.
300 _a254 p. ;
_c22 cm.
490 1 _aAcción y pensamiento;
_v32
_aCondal.
504 _aIncluye referencias bibliográficas y notas al pie de las páginas.
650 4 _aComplejo de inferioridad
_943609
650 4 _aPsicología de la mujer
_943610
830 0 _aAcción y pensamiento
_v32.
_pCondal
_943611
999 _c20309
_d20309